Amazing magnetism / (Record no. 14006)

000 -LEADER
fixed length control field 00728cam a22002173a 4500
020 ## - ISBN
ISBN 0439314321
020 ## - ISBN
ISBN 9780439314329
082 ## - DEWEY DECIMAL CLASSIFICATION NUMBER
Classification number Fic C2121 2001
100 1# - MAIN ENTRY--PERSONAL NAME
Personal name Carmi, Rebecca.
245 10 - TITLE STATEMENT
Title Amazing magnetism /
Statement of responsibility, etc. by Rebecca Carmi ; illustrations by John Speirs.
260 ## - PUBLICATION, DISTRIBUTION, ETC. (IMPRINT)
Place of publication, distribution, etc. New York :
Name of publisher, distributor, etc. Scholastic,
Date of publication, distribution, etc. c2001.
300 ## - PHYSICAL DESCRIPTION
Extent/Page number 76 p. :
Other physical details ill. ;
Dimensions 20 cm.
337 ## - MEDIA TYPE
Media type term unmediated
Media type code n
490 0# - SERIES STATEMENT
Series statement The Magic school bus, a science chapter book ;
Volume/sequential designation #12
520 ## - SUMMARY, ETC.
Summary, etc. Mrs. Frizzle's class challenges Mr. Order's class to a science contest, where the topic of the contest is magnetism.
526 ## - STUDY PROGRAM INFORMATION NOTE
PROGRAM TYPE FICTION
650 #0 - SUBJECT ADDED ENTRY--TOPICAL TERM
Topical term or geographic name as entry element Magnetism--Fiction.
650 #0 - SUBJECT ADDED ENTRY--TOPICAL TERM
Topical term or geographic name as entry element Magnets--Fiction.
700 1# - ADDED ENTRY--PERSONAL NAME/OTHER AUTHORS
Personal name Speirs, John.
942 ## - ADDED ENTRY ELEMENTS
Classification
Item type Book
Holdings
Withdrawn status Lost status Source of classification or shelving scheme Damaged status Not for loan Collection code Permanent Location Current Location Shelving location Date acquired Source of acquisition Inventory number Full call number Barcode Date last seen Copy number Price effective from Item type
          Fiction High School Library High School Library DEAR 2025-12-09 Scholastic 8412 Fic C2121 2001 HS8412 2026-02-16 1 2025-12-09 Book